[Event "Airthings Masters - Torneo Preliminare"]
[Site "Internet"]
[Date "03.02.2023"]
[Round "7"]
[White "Perez Ponsa, Federico"]
[Black "Timofeev, Artyom"]
[Result "1/2-1/2"]
[WhiteTitle ""]
[BlackTitle ""]
[WhiteElo "2532"]
[BlackElo "2567"]
[WhiteFideId "117927"]
[BlackFideId "4140419"]
[EventDate "2023.02.03"]

1. e4 c5 2. Nf3 Nc6 3. Bb5 d6 4. O-O Bd7 5. Re1 a6 6. Bxc6 Bxc6 7. d4 cxd4 8.
Nxd4 Rc8 9. c4 g6 10. Nc3 Bg7 11. Be3 Nf6 12. f3 O-O 13. Rc1 Nd7 14. Qd2 Re8 15.
b3 Qa5 16. Red1 Nc5 17. Rb1 Ne6 18. b4 Qh5 19. Nde2 b5 20. Ng3 Qh4 21. c5 dxc5
22. bxc5 Red8 23. Qe1 Rxd1 24. Rxd1 b4 25. Nd5 Bxd5 26. Rxd5 a5 27. Qd1 Bh6 28.
Bf2 Qf4 29. Ne2 Qf6 30. c6 Qb2 31. Rxa5 Rxc6 32. Kf1 Bd2 33. f4 Rc8 34. Rd5 Bxf4
35. g3 Be5 36. Qb3 Qxb3 37. axb3 Bd6 38. e5 Bc5 39. Be1 Rd8 40. Rxd8+ Nxd8 41.
Nf4 Nc6 42. Nd3 Bd4 43. Bxb4 Nxb4 44. Nxb4 Bxe5 45. Nc6 Bd6 46. Kg2 Kf8 47. g4
Ke8 48. b4 Kd7 49. b5 Kc7 50. Kf3 Kb6 51. Nd8 f5 52. gxf5 gxf5 53. Ne6 Bxh2 54.
Nd4 Bd6 55. Nxf5 Kxb5 56. Nxe7 Bxe7 57. Kg2 Kc4 58. Kh1 Kd3 59. Kg1 1/2-1/2

[Event "Airthings Masters - Torneo Preliminare"]
[Site "Internet"]
[Date "03.02.2023"]
[Round "7"]
[White "Le, Quang Liem"]
[Black "Caruana, Fabiano"]
[Result "1/2-1/2"]
[WhiteTitle ""]
[BlackTitle ""]
[WhiteElo "2728"]
[BlackElo "2766"]
[WhiteFideId "12401137"]
[BlackFideId "2020009"]
[EventDate "2023.02.03"]

1. d4 Nf6 2. c4 e6 3. Nf3 d5 4. Nc3 Bb4 5. Bg5 h6 6. Bxf6 Qxf6 7. Qa4+ Nc6 8. e3
O-O 9. Be2 Bxc3+ 10. bxc3 Bd7 11. cxd5 exd5 12. O-O b6 13. Rac1 Qd6 14. Qc2 Na5
15. Ne5 Rac8 16. Ba6 Rcd8 17. c4 dxc4 18. Nxc4 Nxc4 19. Qxc4 c5 20. dxc5 bxc5
21. Bb7 Qb6 22. Rb1 Be6 23. Qa4 Qc7 24. Qxa7 Rd2 25. a4 Ra2 26. Rfc1 c4 27. h3
Rd8 28. Qb6 Qxb6 29. Rxb6 Rxa4 30. Be4 g5 31. g4 Rd2 32. Bf5 Bxf5 33. gxf5 Raa2
34. Rxc4 Rxf2 35. Rxh6 Kg7 36. Rh5 Kf6 37. Rc6+ Kxf5 38. Rc5+ Kf6 39. Rhxg5 Rfe2
40. Rcf5+ Ke6 41. Re5+ Kf6 42. Ref5+ Ke6 43. Re5+ Kf6 44. Ref5+ 1/2-1/2

[Event "Airthings Masters - Torneo Preliminare"]
[Site "Internet"]
[Date "03.02.2023"]
[Round "7"]
[White "Azarov, Sergei"]
[Black "Aronian, Levon"]
[Result "0-1"]
[WhiteTitle ""]
[BlackTitle ""]
[WhiteElo "2559"]
[BlackElo "2736"]
[WhiteFideId "13501470"]
[BlackFideId "13300474"]
[EventDate "2023.02.03"]

1. e4 e5 2. Nf3 Nc6 3. Bb5 a6 4. Ba4 Nf6 5. O-O b5 6. Bb3 Bc5 7. d3 d6 8. Bg5 h6
9. Bh4 Na5 10. Nc3 Nxb3 11. axb3 g5 12. Bg3 Bg4 13. Qe2 O-O 14. Nd1 Nh5 15. Ne3
Bxe3 16. fxe3 Nxg3 17. hxg3 Kg7 18. Rf2 a5 19. Qd2 a4 20. b4 Qd7 21. Qc3 f6 22.
Raf1 Be6 23. Nd2 c5 24. d4 c4 25. Nb1 Qb7 26. Qd2 Qxe4 27. Nc3 Qb7 28. d5 Bg4
29. e4 Qb6 30. Nd1 Bxd1 31. Qxd1 Qd4 32. Qe2 f5 33. exf5 Rxf5 34. Kh2 Rxf2 35.
Rxf2 Rf8 36. Rxf8 Kxf8 37. Qf3+ Ke7 38. c3 Qd3 39. Qh5 Qxd5 40. Qxh6 Qg8 41. g4
Kd7 42. Qf6 Kc6 43. Qf5 Qd8 44. Qe4+ d5 45. Qg6+ Qd6 46. Qe8+ Kb6 47. Qa8 d4 48.
Qa5+ Kc6 49. Qa6+ Kc7 50. Qxb5 d3 51. Qa5+ Qb6 52. Qd5 e4 53. Qxc4+ Qc6 54. Qf7+
Qd7 55. Qc4+ Kb8 56. Qg8+ Kb7 0-1

[Event "Airthings Masters - Torneo Preliminare"]
[Site "Internet"]
[Date "03.02.2023"]
[Round "7"]
[White "Alekseenko, Kirill"]
[Black "Sjugirov, Sanan"]
[Result "1-0"]
[WhiteTitle ""]
[BlackTitle ""]
[WhiteElo "2686"]
[BlackElo "2712"]
[WhiteFideId "4135539"]
[BlackFideId "4189302"]
[EventDate "2023.02.03"]

1. e4 e5 2. Nf3 Nc6 3. Bc4 Bc5 4. d3 Nf6 5. Nc3 d6 6. h3 a6 7. a4 h6 8. Be3 Bxe3
9. fxe3 Be6 10. Nd2 O-O 11. O-O Bxc4 12. Nxc4 d5 13. exd5 Nxd5 14. e4 Nxc3 15.
bxc3 b5 16. Ne3 Ne7 17. Rf3 Qd6 18. Rg3 Qe6 19. Kh2 Kh7 20. h4 c6 21. Qf3 Rae8
22. Rf1 f6 23. h5 Rb8 24. axb5 axb5 25. d4 b4 26. d5 Qd7 27. c4 b3 28. dxc6 Qxc6
29. Nf5 Nxf5 30. Qxf5+ Kh8 31. cxb3 Rb7 32. Rd1 Rfb8 33. Rdd3 Qc7 34. Rg6 Qe7
35. Rgg3 Qc7 36. Rd5 Qe7 37. c5 Rxb3 38. Rxb3 Rxb3 39. Qc8+ Kh7 40. Rd8 1-0

[Event "Airthings Masters - Torneo Preliminare"]
[Site "Internet"]
[Date "03.02.2023"]
[Round "7"]
[White "Praggnanandhaa, R"]
[Black "Sadhwani, Raunak"]
[Result "0-1"]
[WhiteTitle ""]
[BlackTitle ""]
[WhiteElo "2690"]
[BlackElo "2627"]
[WhiteFideId "25059530"]
[BlackFideId "35093487"]
[EventDate "2023.02.03"]

1. e4 e5 2. Nf3 Nc6 3. Bb5 Nf6 4. d3 Bc5 5. c3 O-O 6. O-O d5 7. Qe2 dxe4 8. dxe4
Qe7 9. Bg5 Bd7 10. Nbd2 a6 11. Ba4 b5 12. Bb3 h6 13. Bh4 g5 14. Bg3 Nh5 15. Bd5
Rad8 16. b4 Bb6 17. a4 g4 18. Nh4 Nf4 19. Bxf4 exf4 20. Ng6 Qg5 21. Nxf8 f3 22.
Qd1 Kxf8 23. axb5 axb5 24. c4 Nxb4 25. Ra3 c6 26. Rb3 cxd5 27. Rxb4 dxc4 28. Rb1
Bc6 29. Qc1 Rxd2 30. Qa3+ Bc5 31. Qa6 fxg2 32. Qxc6 gxf1=Q+ 33. Rxf1 g3 34. h4
gxf2+ 0-1

[Event "Airthings Masters - Torneo Preliminare"]
[Site "Internet"]
[Date "03.02.2023"]
[Round "7"]
[White "Pichot, Alan"]
[Black "Dominguez Perez, Leinier"]
[Result "1/2-1/2"]
[WhiteTitle ""]
[BlackTitle ""]
[WhiteElo "2638"]
[BlackElo "2743"]
[WhiteFideId "110973"]
[BlackFideId "3503240"]
[EventDate "2023.02.03"]

1. e4 c5 2. Nf3 d6 3. Bb5+ Nd7 4. a4 Nf6 5. Nc3 a6 6. Be2 g6 7. O-O Bg7 8. a5
O-O 9. d3 b5 10. axb6 a5 11. h3 Bb7 12. Be3 Qxb6 13. Ra3 Bc6 14. Nd2 a4 15. Nc4
Qc7 16. Bf4 Rfb8 17. Qa1 Nb6 18. Nxb6 Qxb6 19. Nxa4 Rxa4 20. Rxa4 Bxa4 21. Qxa4
Qxb2 22. Bf3 Ne8 23. g3 Bf6 24. Qa7 Ng7 25. Bc1 Qb6 26. Qa4 Ne6 27. Be3 Nd4 28.
Bd1 Qc7 29. Kg2 Kg7 30. Bd2 h5 31. c3 Nb5 32. Bb3 e6 33. Rc1 Qb7 34. Bd1 Qa8 35.
Qc2 Na3 36. Qa2 Nb5 37. Qa4 Qxa4 38. Bxa4 Na3 39. Bf4 Rb6 40. Be3 Ra6 41. Bb3
Rb6 42. Ba4 Ra6 43. Bb3 Rb6 44. Ba4 1/2-1/2

[Event "Airthings Masters - Torneo Preliminare"]
[Site "Internet"]
[Date "03.02.2023"]
[Round "7"]
[White "Lobanov, Sergei"]
[Black "Matlakov, Maxim"]
[Result "1/2-1/2"]
[WhiteTitle ""]
[BlackTitle ""]
[WhiteElo "2545"]
[BlackElo "2662"]
[WhiteFideId "24183750"]
[BlackFideId "4168003"]
[EventDate "2023.02.03"]

1. e4 e5 2. Nf3 Nc6 3. Bb5 a6 4. Ba4 Nf6 5. Nc3 Bc5 6. Bxc6 dxc6 7. d3 Qe7 8.
Be3 Bd6 9. h3 h6 10. Qe2 Be6 11. O-O-O c5 12. g4 h5 13. g5 Nd7 14. Nd2 Nb6 15.
Nc4 Nxc4 16. dxc4 O-O-O 17. Nd5 Qd7 18. h4 Kb8 19. Rd3 Qc6 20. f3 Rdf8 21. Rg1
Qe8 22. Qf2 Qc6 23. b3 Re8 24. Qd2 Bc8 25. a4 Ref8 26. a5 Rhg8 27. Kb2 Be6 28.
Qf2 Rh8 29. Rg2 Bh3 30. Rg3 Be6 31. Qg1 Rhg8 32. Rd2 f5 33. gxf6 gxf6 34. Rxg8
Rxg8 35. Rg2 Rxg2 36. Qxg2 Bxd5 37. exd5 Qe8 38. Qg1 e4 39. fxe4 Qxe4 40. Bxc5
Bxc5 41. Qxc5 f5 42. Qf8+ Ka7 43. Qc5+ Kb8 44. Qf8+ Ka7 45. Qg7 Kb8 46. Qg8+ Ka7
47. Qg1+ Kb8 48. Qg8+ Ka7 49. Qg1+ Kb8 50. Qg8+ 1/2-1/2

[Event "Airthings Masters - Torneo Preliminare"]
[Site "Internet"]
[Date "03.02.2023"]
[Round "7"]
[White "Rustemov, Alexander"]
[Black "Tan, Zhongyi"]
[Result "0-1"]
[WhiteTitle ""]
[BlackTitle ""]
[WhiteElo "2525"]
[BlackElo "2530"]
[WhiteFideId "4119002"]
[BlackFideId "8603642"]
[EventDate "2023.02.03"]

1. d4 Nf6 2. c4 e6 3. Nf3 b6 4. a3 Ba6 5. Qc2 Bb7 6. Nc3 c5 7. e4 cxd4 8. Nxd4
Bc5 9. Nb3 Nc6 10. Bg5 Nd4 11. Nxd4 Bxd4 12. Bd3 h6 13. Bh4 a6 14. Ne2 Be5 15.
f4 Bc7 16. O-O g5 17. Bg3 Nh5 18. e5 Qe7 19. Be4 O-O-O 20. b4 gxf4 21. Nxf4 Nxg3
22. hxg3 Qg5 23. Bxb7+ Kxb7 24. Qe4+ Ka7 25. Nd3 f5 26. exf6 Qxg3 27. Rf3 Qh2+
28. Kf2 d5 29. cxd5 exd5 30. Qg4 Rhf8 31. Re1 h5 32. Qh3 Qxh3 33. gxh3 Rd6 34.
Re7 Rdxf6 35. Rxf6 Rxf6+ 36. Ke3 Kb8 37. Rh7 Rf5 38. a4 Bd8 39. Ke2 Kc8 40. Ra7
a5 41. bxa5 bxa5 42. Ra8+ Kd7 43. Nc5+ Ke7 44. Nb7 Bb6 45. Nxa5 Rf2+ 46. Kd3
Rf3+ 47. Kc2 Bxa5 48. Rxa5 Kd6 49. h4 Rh3 50. Rb5 Rxh4 51. Kb3 Rh1 52. Kb2 h4
53. a5 h3 54. Rb3 Kc6 55. a6 h2 56. Rh3 Kb6 57. Rh6+ Ka7 58. Ka2 d4 59. Kb2 d3 0-1

[Event "Airthings Masters - Torneo Preliminare"]
[Site "Internet"]
[Date "03.02.2023"]
[Round "7"]
[White "Ponkratov, Pavel"]
[Black "Salem, A.R. Saleh"]
[Result "1-0"]
[WhiteTitle ""]
[BlackTitle ""]
[WhiteElo "2577"]
[BlackElo "2677"]
[WhiteFideId "4157800"]
[BlackFideId "9301348"]
[EventDate "2023.02.03"]

1. e4 e5 2. Nf3 Nc6 3. Bb5 a6 4. Ba4 Nf6 5. O-O Be7 6. Re1 b5 7. Bb3 O-O 8. a4
Bb7 9. d3 d6 10. Nbd2 Re8 11. Ng5 Rf8 12. c3 h6 13. Ngf3 Re8 14. Nf1 Bf8 15. Nh4
Na5 16. Ba2 c5 17. Ng6 c4 18. Nxf8 Kxf8 19. Ne3 Rc8 20. axb5 axb5 21. dxc4 bxc4
22. f3 Qb6 23. Kh1 Red8 24. Qa4 Qc5 25. Nf5 Bc6 26. Qc2 Bd7 27. Be3 Qc7 28. Qf2
Nb7 29. Bb6 Qc6 30. Bxd8 Rxd8 31. Ne3 Be6 32. Red1 Rc8 33. Bb1 Nc5 34. Bc2 Rb8
35. Qd2 Ke7 36. Ra7+ Nfd7 37. Ra2 Nf6 38. Qe2 Qb5 39. Rda1 Nfd7 40. Bd1 Nd3 41.
Ba4 Qc5 42. Bxd7 Bxd7 43. Nd5+ Ke6 44. Qe3 Qxe3 45. Nxe3 Rc8 46. Ra7 g6 47. Nd5
Rb8 48. Ne3 Rc8 49. Rb7 f5 50. exf5+ gxf5 51. Raa7 Nc5 52. Rb6 Bc6 53. Rh7 e4
54. f4 Nd3 55. Rxh6+ Kd7 56. Nxf5 Kc7 57. Rxc6+ Kxc6 58. Ne7+ Kd7 59. Nxc8 Kxc8
60. Rxd6 Kc7 61. Re6 Kd7 62. f5 1-0

[Event "Airthings Masters - Torneo Preliminare"]
[Site "Internet"]
[Date "03.02.2023"]
[Round "7"]
[White "Kamsky, Gata"]
[Black "Yoo, Christopher Woojin"]
[Result "1-0"]
[WhiteTitle ""]
[BlackTitle ""]
[WhiteElo "2664"]
[BlackElo "2589"]
[WhiteFideId "2000024"]
[BlackFideId "30909694"]
[EventDate "2023.02.03"]

1. e4 c5 2. Nf3 e6 3. d4 cxd4 4. Nxd4 Nf6 5. Nc3 Nc6 6. Ndb5 Bc5 7. Bf4 O-O 8.
Bc7 Qe7 9. Bd6 Bxd6 10. Qxd6 Qd8 11. O-O-O Ne8 12. Qg3 a6 13. Nd4 Qb6 14. Nb3 d6
15. Be2 Qc7 16. h4 b5 17. Bd3 b4 18. Ne2 e5 19. h5 h6 20. f4 exf4 21. Nxf4 Nf6
22. Kb1 a5 23. Nd2 Ne5 24. Nf3 Bb7 25. Rhe1 Rad8 26. Nd4 Kh8 27. Nf5 Rg8 28. Qh4
Nh7 29. Bb5 Ng5 30. Nd5 Qc5 31. Ba4 Bc8 32. Nde7 Rgf8 33. Rd5 Qb6 34. Nxc8 Rxc8
35. Nxd6 Rcd8 36. Red1 f6 37. Qe1 Ne6 38. Nf5 Nf4 39. Rd6 Rxd6 40. Rxd6 Qc5 41.
g3 Nxh5 42. Qd1 g6 43. Rd5 Qb6 44. Nxh6 Nxg3 45. Ng4 Nxe4 46. Qh1+ Kg7 47. Qh6+
Kf7 48. Rd1 Nc4 49. Qh7+ 1-0

[Event "Airthings Masters - Torneo Preliminare"]
[Site "Internet"]
[Date "03.02.2023"]
[Round "7"]
[White "Deac, Bogdan-Daniel"]
[Black "Ter-Sahakyan, Samvel"]
[Result "1-0"]
[WhiteTitle ""]
[BlackTitle ""]
[WhiteElo "2700"]
[BlackElo "2616"]
[WhiteFideId "1226380"]
[BlackFideId "13302531"]
[EventDate "2023.02.03"]

1. d4 Nf6 2. c4 e6 3. Nf3 d5 4. cxd5 exd5 5. Nc3 c6 6. Bf4 Bf5 7. e3 Nbd7 8. h3
Bb4 9. Qb3 Qb6 10. g4 Bg6 11. Nh4 a5 12. Nxg6 a4 13. Qc2 hxg6 14. Bg2 a3 15. O-O
Qa5 16. Ne2 O-O 17. Rab1 Ra7 18. b3 Qd8 19. Rbd1 Re8 20. f3 Nf8 21. e4 Ne6 22.
Be3 g5 23. e5 Nh7 24. h4 gxh4 25. f4 Ra5 26. g5 c5 27. g6 fxg6 28. Qxg6 cxd4 29.
Nxd4 Bc5 30. Nxe6 Bxe3+ 31. Kh1 Qe7 32. Ng5 Nxg5 33. fxg5 Bxg5 34. Rxd5 Rxd5 35.
Bxd5+ Kh8 36. Be4 1-0

[Event "Airthings Masters - Torneo Preliminare"]
[Site "Internet"]
[Date "03.02.2023"]
[Round "7"]
[White "Bok, Benjamin"]
[Black "Kevlishvili, Robby"]
[Result "1/2-1/2"]
[WhiteTitle ""]
[BlackTitle ""]
[WhiteElo "2607"]
[BlackElo "2537"]
[WhiteFideId "1017063"]
[BlackFideId "1040634"]
[EventDate "2023.02.03"]

1. c4 e6 2. g3 d5 3. Bg2 dxc4 4. Qa4+ Nd7 5. Qxc4 a6 6. Qc2 Ngf6 7. Nc3 Rb8 8.
Nf3 b5 9. O-O Bb7 10. a4 c5 11. axb5 axb5 12. d3 Bc6 13. Bf4 Rc8 14. Ne5 Bxg2
15. Kxg2 b4 16. Ne4 Nd5 17. Ra7 Nxf4+ 18. gxf4 Nxe5 19. fxe5 Be7 20. Qa4+ Kf8
21. Ra1 Qd5 22. Qd7 Re8 23. Rc7 g6 24. Qxd5 exd5 25. Nf6 Bxf6 26. exf6 h5 27.
Raa7 Rh7 28. Rxc5 g5 29. Rxd5 Rh6 30. Rd6 Kg8 31. e4 g4 32. Rad7 h4 33. Rd8 Rxd8
34. Rxd8+ Kh7 35. e5 Kg6 36. h3 Kf5 37. hxg4+ Kxe5 38. g5 Rg6 39. Kh3 Rxg5 40.
Rb8 Kxf6 41. Rxb4 Rd5 42. Rf4+ Kg5 43. Rf3 f5 44. b3 Rd4 45. Kg2 Rb4 46. d4 Rxd4
47. Rc3 Rb4 48. Rd3 Kg4 49. Rc3 Kg5 50. Kh3 Rf4 51. Kg2 Rb4 1/2-1/2

[Event "Airthings Masters - Torneo Preliminare"]
[Site "Internet"]
[Date "03.02.2023"]
[Round "7"]
[White "Suleymanli, Aydin"]
[Black "Nesterov, Arseniy"]
[Result "0-1"]
[WhiteTitle ""]
[BlackTitle ""]
[WhiteElo "2552"]
[BlackElo "2568"]
[WhiteFideId "13413937"]
[BlackFideId "24198455"]
[EventDate "2023.02.03"]

1. d4 d5 2. c4 c6 3. cxd5 cxd5 4. Bg5 Nc6 5. Nc3 f6 6. Bd2 Nxd4 7. e4 dxe4 8.
Bc4 Be6 9. Bxe6 Nxe6 10. Nxe4 Qd5 11. f3 Rd8 12. Rc1 Qe5 13. Qa4+ b5 14. Qxa7 f5
15. Bc3 Qd5 16. Nf2 Nf4 17. Ba5 Ra8 18. Qb6 Nf6 19. Rd1 Qc4 20. Rd4 Qc1+ 21. Nd1
Kf7 22. Bd2 Nxg2+ 23. Ke2 Qc2 24. Nh3 e5 25. Ng5+ Kg6 26. Ne6 exd4 27. Rg1 Qc4+
28. Kf2 Kf7 29. Ng5+ Kg8 30. Rxg2 Re8 31. Bf4 h6 32. Nh3 Re2+ 33. Kg3 Rxg2+ 34.
Kxg2 Kh7 35. Be5 Qe2+ 36. Ndf2 Qxe5 37. b3 Nd5 38. Qb7 Ne3+ 39. Kh1 Qd5 0-1

[Event "Airthings Masters - Torneo Preliminare"]
[Site "Internet"]
[Date "03.02.2023"]
[Round "7"]
[White "Swiercz, Dariusz"]
[Black "Kobo, Ori"]
[Result "1-0"]
[WhiteTitle ""]
[BlackTitle ""]
[WhiteElo "2646"]
[BlackElo "2548"]
[WhiteFideId "1126881"]
[BlackFideId "2812320"]
[EventDate "2023.02.03"]

1. e4 c5 2. Nf3 d6 3. d4 cxd4 4. Nxd4 Nf6 5. Nc3 Nc6 6. Bg5 e6 7. Bb5 Bd7 8. Qd3
Be7 9. O-O-O Nxd4 10. Bxd7+ Qxd7 11. Qxd4 Rc8 12. Rhe1 Qc6 13. Qa4 Qxa4 14. Nxa4
Rc6 15. Nc3 Ng4 16. Bxe7 Kxe7 17. f3 Nf6 18. Rd2 Rhc8 19. Nd1 g5 20. c3 h5 21.
Ne3 Rc5 22. Red1 R8c6 23. Kb1 h4 24. a3 Nd7 25. Ng4 Nb6 26. Ne3 Nc4 27. Nxc4
Rxc4 28. h3 b5 29. Kc2 a5 30. Kb3 a4+ 31. Kc2 Rb6 32. Rd3 Rbc6 33. R1d2 Rb6 34.
Kd1 Rbc6 35. Ke2 Rb6 36. Ke3 Rbc6 37. Rd1 Rb6 38. Kf2 Rbc6 39. R3d2 Rb6 40. Ke2
Rbc6 41. Ke1 Rb6 42. Kf2 Rbc6 43. g3 hxg3+ 44. Kxg3 Rb6 45. Rh1 Rb8 46. h4 gxh4+
47. Rxh4 Rg8+ 48. Kf2 d5 49. Ke3 Rg1 50. Re2 Kd6 51. e5+ Kxe5 52. Rxc4 bxc4 53.
Kf2+ Kf4 54. Kxg1 1-0

[Event "Airthings Masters - Torneo Preliminare"]
[Site "Internet"]
[Date "03.02.2023"]
[Round "7"]
[White "Grandelius, Nils"]
[Black "Williams, Simon K"]
[Result "1-0"]
[WhiteTitle ""]
[BlackTitle ""]
[WhiteElo "2660"]
[BlackElo "2465"]
[WhiteFideId "1710400"]
[BlackFideId "404454"]
[EventDate "2023.02.03"]

1. e4 c5 2. Nf3 d6 3. Bb5+ Nc6 4. O-O Bd7 5. c3 a6 6. Ba4 b5 7. Bc2 e5 8. d4
cxd4 9. cxd4 Bg4 10. Be3 exd4 11. Bxd4 Nf6 12. Be3 Be7 13. Nbd2 O-O 14. h3 Bh5
15. Rc1 Rc8 16. Bb1 Ne5 17. Qb3 Nxf3+ 18. Nxf3 Bxf3 19. gxf3 d5 20. e5 Nh5 21.
Rxc8 Qxc8 22. Qxd5 Qxh3 23. Qe4 g6 24. Qg4 Qxg4+ 25. fxg4 Ng7 26. Rc1 h5 27.
gxh5 Nxh5 28. Rc7 Re8 29. Be4 Bf8 30. Bd5 Re7 31. Rxe7 Bxe7 32. Bb7 a5 33. Bc6
b4 34. Bb6 Nf4 35. Bb5 a4 36. Bxa4 Nd3 37. Bd4 Bc5 38. Bxc5 Nxc5 39. Bb5 g5 40.
Kg2 Kf8 41. Kf3 Ke7 42. Ke3 Ne6 43. Kd3 1-0

[Event "Airthings Masters - Torneo Preliminare"]
[Site "Internet"]
[Date "03.02.2023"]
[Round "7"]
[White "Pranav, V"]
[Black "Blomqvist, Erik"]
[Result "1-0"]
[WhiteTitle ""]
[BlackTitle ""]
[WhiteElo "2545"]
[BlackElo "2510"]
[WhiteFideId "25060783"]
[BlackFideId "1709437"]
[EventDate "2023.02.03"]

1. e4 c5 2. Nf3 d6 3. d4 cxd4 4. Nxd4 Nf6 5. Nc3 g6 6. Bg5 Bg7 7. Bb5+ Bd7 8.
O-O a6 9. Bxd7+ Nbxd7 10. Re1 O-O 11. Qd2 Rc8 12. Bh6 Ne5 13. Bxg7 Kxg7 14. Nd5
Nc4 15. Qb4 e6 16. Nxf6 Qxf6 17. Rad1 a5 18. Qb5 Qe5 19. b3 Na3 20. Qd3 b5 21.
Qd2 b4 22. Re3 h5 23. h3 Rc5 24. c4 bxc3 25. Rxc3 Qxe4 26. Re3 Qf4 27. Qb2 e5
28. Rf3 Qe4 29. Re3 Qf4 30. g3 Qf6 31. Rf3 Qg5 32. Qxa3 exd4 33. Rxd4 Re8 34.
Rd1 Re2 35. Qa4 Qe5 36. Kg2 Rcc2 37. Qd7 Qe6 38. Qxd6 Qe4 39. Qd4+ Qxd4 40. Rxd4
f5 41. a4 Rb2 42. Rd5 Re4 43. Rxa5 Rb4 44. Rb5 Rxb5 45. axb5 Kf6 46. b6 Rc2 47.
b7 1-0

[Event "Airthings Masters - Torneo Preliminare"]
[Site "Internet"]
[Date "03.02.2023"]
[Round "7"]
[White "Lazavik, Denis"]
[Black "Nepomniachtchi, Ian"]
[Result "0-1"]
[WhiteTitle ""]
[BlackTitle ""]
[WhiteElo "2541"]
[BlackElo "2793"]
[WhiteFideId "13515110"]
[BlackFideId "4168119"]
[EventDate "2023.02.03"]

1. d4 Nf6 2. c4 e6 3. Nf3 d5 4. Nc3 Be7 5. Bg5 O-O 6. e3 h6 7. Bh4 b6 8. Qb3 Bb7
9. Bxf6 Bxf6 10. cxd5 exd5 11. Rd1 a6 12. Bd3 Qd6 13. O-O Nd7 14. e4 dxe4 15.
Bxe4 Bxe4 16. Nxe4 Qf4 17. Rfe1 Rfe8 18. g3 Qf5 19. Nxf6+ Nxf6 20. Ne5 Qe6 21.
Qxe6 Rxe6 22. Rc1 Nd5 23. a3 Rae8 24. Kf1 a5 25. h4 g6 26. Nf3 Kg7 27. Re5 Rxe5
28. dxe5 c5 29. Rd1 Rd8 30. Ke2 f6 31. exf6+ Kxf6 32. Nd2 Ke6 33. a4 Rb8 34. Nc4
b5 35. axb5 Rxb5 36. Ra1 Rb4 37. Kd3 a4 38. Re1+ Kf6 39. Re8 Rb3+ 40. Kc2 Nb4+
41. Kd2 Rd3+ 42. Ke2 Rd4 43. Ne3 Nd3 44. Rb8 h5 45. Rb6+ Kf7 46. f4 Nc1+ 47. Kf3
Rb4 48. Ra6 Nd3 49. Nd5 Rd4 50. Ra7+ Ke6 51. Nc7+ Kf5 52. Nb5 Rb4 53. Nd6+ Ke6
54. Ne4 Rb3 55. Ke2 c4 56. Rxa4 Kd5 57. Nc3+ Kd4 58. Nd1 Nxb2 59. Nxb2 Rxb2+ 60.
Kf3 Rb3+ 61. Kg2 Kd3 62. Ra6 c3 63. Rd6+ Ke3 64. Re6+ Kd4 65. Rd6+ Kc5 66. Rd8
Rb6 67. Rd1 Kc4 68. Kf3 c2 69. Rc1 Kd3 70. g4 hxg4+ 71. Kxg4 Rb5 72. Rh1 Kd2 73.
Rh2+ Kc3 74. Rh3+ Kb2 75. Rh2 Kb1 0-1

[Event "Airthings Masters - Torneo Preliminare"]
[Site "Internet"]
[Date "03.02.2023"]
[Round "7"]
[White "Gadimbayli, Abdulla"]
[Black "Svidler, Peter"]
[Result "0-1"]
[WhiteTitle ""]
[BlackTitle ""]
[WhiteElo "2507"]
[BlackElo "2683"]
[WhiteFideId "13404938"]
[BlackFideId "4102142"]
[EventDate "2023.02.03"]

1. e4 c5 2. Nf3 e6 3. d4 cxd4 4. Nxd4 a6 5. Bd3 Bc5 6. Nb3 Be7 7. Qg4 g6 8. Qe2
d6 9. Na3 Nc6 10. Bd2 Nf6 11. Bh6 Bf8 12. Bxf8 Kxf8 13. O-O-O Kg7 14. Kb1 e5 15.
h3 b5 16. g4 Be6 17. Qe3 Qc8 18. Be2 d5 19. exd5 Nxd5 20. Qe4 Nf6 21. Qe3 Re8
22. Bf3 b4 23. g5 Nd7 24. Rd6 Ndb8 25. Na5 Bxa2+ 26. Kxa2 Nxa5 27. Bxa8 bxa3 28.
Bd5 axb2 29. Qf3 Qc7 30. Qf6+ Kg8 31. Kb1 Nac6 32. Bxc6 Qa5 33. Kxb2 Nxc6 34.
Rxc6 Rb8+ 35. Kc1 Qa1+ 36. Kd2 Qxh1 37. Qxe5 Ra8 38. Rd6 Qxh3 39. Qd4 Qc8 40. c4
a5 41. Kc2 Qf5+ 42. Kc3 Qxg5 43. c5 Rc8 44. c6 Rxc6+ 45. Rxc6 Qc1+ 46. Kb3 Qxc6
47. Qd8+ Kg7 48. Qxa5 Qf3+ 0-1

[Event "Airthings Masters - Torneo Preliminare"]
[Site "Internet"]
[Date "03.02.2023"]
[Round "7"]
[White "Jumabayev, Rinat"]
[Black "Piorun, Kacper"]
[Result "1-0"]
[WhiteTitle ""]
[BlackTitle ""]
[WhiteElo "2609"]
[BlackElo "2609"]
[WhiteFideId "13702661"]
[BlackFideId "1130420"]
[EventDate "2023.02.03"]

1. Nf3 Nf6 2. c4 g6 3. Nc3 Bg7 4. e4 d6 5. d4 O-O 6. h3 a5 7. Be3 a4 8. a3 Qe8
9. g4 e5 10. d5 Bd7 11. Nd2 Na6 12. Be2 h6 13. h4 Nc5 14. h5 gxh5 15. g5 hxg5
16. Bxg5 Ng4 17. Nf1 f6 18. Be3 Nb3 19. Ng3 Nxa1 20. Qxa1 Qg6 21. Nxh5 Nxe3 22.
fxe3 Bh6 23. Kd2 Kf7 24. Nf4 exf4 25. Bh5 fxe3+ 26. Kd3 Rg8 27. Qf1 Bg4 28.
Bxg6+ Rxg6 29. Rh4 Rag8 30. Qh1 Bf4 31. Rh7+ R8g7 32. Nxa4 e2 33. Nc3 e1=N+ 34.
Kd4 Nc2+ 35. Kd3 Ne1+ 36. Kd4 Nf3+ 37. Kd3 Ne5+ 38. Kc2 Bf3 39. Qh3 Bg4 40.
Rxg7+ Kxg7 41. Qf1 Bf3 42. Kb3 Rg2 43. a4 Be3 44. Nb5 Kg6 45. Nxc7 Bd2 46. Ne6
Be3 47. a5 Rg3 48. Ka4 Bxe4 49. Qe1 Bd3 50. Qxg3+ Kf5 51. Qxe3 1-0

[Event "Airthings Masters - Torneo Preliminare"]
[Site "Internet"]
[Date "03.02.2023"]
[Round "7"]
[White "Ghosh, Diptayan"]
[Black "Petrosyan, Manuel"]
[Result "1-0"]
[WhiteTitle ""]
[BlackTitle ""]
[WhiteElo "2553"]
[BlackElo "2634"]
[WhiteFideId "5045207"]
[BlackFideId "13300857"]
[EventDate "2023.02.03"]

1. d4 Nf6 2. Nf3 d5 3. c3 c6 4. Qc2 g6 5. Bf4 Bf5 6. Qb3 Qb6 7. Nbd2 Bg7 8. e3
O-O 9. h3 Re8 10. Be2 Nfd7 11. Bh2 e5 12. g4 Be4 13. Nxe4 dxe4 14. Nd2 exd4 15.
cxd4 c5 16. dxc5 Qxc5 17. O-O Nc6 18. Qxb7 Nde5 19. Rac1 Qd5 20. Nc4 Reb8 21.
Qc7 Nd3 22. Bxd3 exd3 23. Rfd1 Nb4 24. Ne5 Rb7 25. Qc4 Qxc4 26. Rxc4 Nxa2 27.
Nxd3 Rd8 28. Ra1 Rxd3 29. Rxa2 h5 30. gxh5 gxh5 31. b4 Rd5 32. Rc5 Rd1+ 33. Kg2
Rxb4 34. Rxa7 h4 35. Rc8+ Kh7 36. Rxf7 Kg6 37. Rf4 Rxf4 38. Bxf4 Bf6 39. Rc6 Kf7
40. e4 Rd3 41. Be3 Rb3 42. Rc5 Kg6 43. Rc6 Kf7 44. Rc5 Kg6 45. Rd5 Be7 46. Kf3
Rb4 47. Ra5 Bf6 48. Ra6 Kf7 49. Kf4 Rb5 50. Kg4 Rb4 51. f3 Rb3 52. Bf4 Rb5 53.
Rd6 Ra5 54. Rd5 Ra1 55. Bg5 Rg1+ 56. Kxh4 Bc3 57. Kh5 Rg3 58. Rf5+ Kg7 59. h4
Bb2 60. Bf4 Rg2 61. Rg5+ Rxg5+ 62. hxg5 1-0